000
002970000a22000970004500
100
1
_a
Treier, Daniel J.
245
1
0
_a
The fulfillment of Joel 2:28-32 : A multiple-lens approach
300
_a
Vol. 40, Num. 1 (Marzo, 1997), Páginas 13-26
773
0
_t
Journal of the Theological Society
942
_c
ANA
999
_c
54533
_d
54533